000 00378nam a22001457a 4500
020 _a-
082 _a808.042076 IQB
100 _aIqbal, Chaudhary
245 _aEU & CAT (Engineering Universities & Colleges Admission Test)
260 _aLahore
_bDogar Publishers
_c2011
300 _a1247 p.
500 _aIncludes index
650 _aGraduate Record Examination
942 _cBK
999 _c13232
_d13232